000 01983nam a2200385 i 4500
003 DO-SdBNP
005 20250607073644.0
006 a||||fr|||| 00| 0
007 ta
008 230612e2022 dr ad|||r|||| 00| 0 spa d
020 _a9789945621723 ;
020 _a9789945621730 (electónico)
040 _aDO-SdBNP
_bspa
_cBNPHU
_erda
082 4 _222
_bM294es
245 0 0 _aManual de estándares de calidad y humanización para la atención a personas con tuberculosis. /
_cPresentación, Daniel Rivera; Yocastia de Jesús Aramboles... [y otros]
246 0 5 _aManual de Implementación de la Calidad y Humanización para la atención a personas con tuberculosis.
264 4 _aSanto Domingo :
_bEl Fondo Mundial,
_c2022
300 _a56 páginas :
_bIlustraciones, gráficas ;
_c27 cm.
336 _2rdacontent
_atexto
_btxt
337 _2rdamedia
_asin medición
_bn
338 _2rdacarrier
_avolumen
_bnc
500 _aIncluye siglas y acrónimos.
504 _aBibliografía: páginas 57 - 58
505 _aSiglas y Acrónimos.-- Resolución ministerial No. 0019 - 2022.-- Presentación.
_gParte 1 Marco General.
_tIntroducción.--
_gParte 2 Modelo.
_tEstructura del modelo de certificación.-- Roles y responsabilidad.
_gParte 3 Certificación.
_tSostenibilidad o revocación de la certificación.-- Glosario.-- Bibliografía.
534 _aTítulo original: Manual de Implementación de la Calidad y Humanización para la atención a personas con tuberculosis.
590 _aInventariado 2023 / MF
700 2 _aRivera, Daniel,
_d1958-
_950394
_epresentación
700 1 _aJesús Arambole, Yocastia, de,
_983530
700 1 _aElías Melgen, Ricardo Alberto
_983531
700 1 _aCamilo de Amarante, Elsa
_983532
700 1 _aEncarnación Casanova, Melanea
_983533
700 1 _aPeña González, Altagracia Milagros
_983534
710 1 _aRepública Dominicana.
_b Secretaria de Estado de Salud Pública y Asistencia Social (2001)
_eautor
_956549
942 _2ddc
_cLBS1
999 _c53768
_d53768